[Event "Rheinland Pfalz op 5th"]
[Site "Worms"]
[Date "2013.05.31"]
[Round "4"]
[White "Becker, Simon"]
[Black "Wiedemann, Julia"]
[Result "0-1"]
[WhiteElo "888"]
[BlackElo "1195"]
[PlyCount "70"]
[EventDate "2013.05.30"]
[EventType "swiss"]
[EventRounds "7"]
[EventCountry "GER"]
[SourceTitle "EXT 2014"]
[Source "ChessBase"]
[SourceDate "2013.11.20"]
[SourceVersion "1"]
[SourceVersionDate "2013.11.20"]
[SourceQuality "1"]

1. c4 c5 2. Nc3 Nc6 3. g3 Nf6 4. Nf3 d6 5. Bg2 g6 6. 0-0 Bg7 7. d3 0-0 8. Bf4 Qb6 9. b3 Qb4 10. Qc1 Be6 11. Bh6 Bxh6 12. Qxh6 Qxc3 13. Rfc1 Qb2 14. e3 Ng4 15. Qh4 Qxf2+ 16. Kh1 Nxe3 17. Rg1 Nxg2 18. Raf1 Qxg1+ 19. Rxg1 Nxh4 20. gxh4 d5 21. h5 dxc4 22. dxc4 Rad8 23. Ng5 Kg7 24. hxg6 hxg6 25. h4 Rd4 26. Nf3 Rf4 27. Rg3 Nd4 28. Nxd4 Rxh4+ 29. Kg2 cxd4 30. Rd3 Rfh8 31. Kg3 Rh3+ 32. Kg2 Rxd3 33. Kf2 Rh2+ 34. Ke1 Bd7 35. c5 Bg4 0-1

[Event "Rheinland Pfalz op 5th"]
[Site "Worms"]
[Date "2013.05.30"]
[Round "2"]
[White "Becker, Simon"]
[Black "Roth, Michael"]
[Result "0-1"]
[WhiteElo "888"]
[BlackElo "1620"]
[PlyCount "36"]
[EventDate "2013.05.30"]
[EventType "swiss"]
[EventRounds "7"]
[EventCountry "GER"]
[SourceTitle "EXT 2014"]
[Source "ChessBase"]
[SourceDate "2013.11.20"]
[SourceVersion "1"]
[SourceVersionDate "2013.11.20"]
[SourceQuality "1"]

1. c4 e5 2. g3 c6 3. Nc3 Nf6 4. d3 Bc5 5. Bg2 Qb6 6. Nh3 d6 7. Na4 Qc7 8. Nxc5 dxc5 9. 0-0 Bd7 10. Be3 Qc8 11. Ng5 b6 12. h3 h6 13. Nf3 Bxh3 14. Bxh3 Qxh3 15. Nxe5 h5 16. Qa4 Ng4 17. Nf3 h4 18. gxh4 Rxh4 0-1